[Event "2nd Girona Open"]
[Site "Girona ESP"]
[Date "2011.07.18"]
[Round "5"]
[White "Bonell Gleich,X"]
[Black "Urbano Cabrera,M"]
[Result "1-0"]
[WhiteElo "1628"]
[BlackElo "1782"]

1.e4 c5 2.Nc3 Nc6 3.Nf3 g6 4.d4 cxd4 5.Nxd4 Bg7 6.Nxc6 bxc6 7.Bc4 d6 8.O-O e5
9.f4 Be6 10.Bxe6 fxe6 11.fxe5 Bxe5 12.Bf4 Bxf4 13.Rxf4 e5 14.Rf2 Qe7 15.Qf3 O-O-O
16.Raf1 Nh6 17.Qh3+ Nf5 18.exf5 gxf5 19.Qxf5+ Kb8 20.Qf6 Qb7 21.Qf7 d5 22.Qxb7+ Kxb7
23.Rf7+ Kb6 24.R1f6 e4 25.Na4+ Ka6 26.Nc5+ Kb5 27.Ne6 Rc8 28.Nd4+ Kc5 29.c3 Rb8
30.Rxc6+  1-0

[Event "I Goi Mailako Centre GM"]
[Site "Donostia ESP"]
[Date "2011.07.19"]
[Round "9"]
[White "Gonzalez de la Torre,S"]
[Black "Argandona Riveiro,I"]
[Result "1-0"]
[WhiteElo "2460"]
[BlackElo "2388"]

1.e4 c5 2.Nf3 Nc6 3.Nc3 e5 4.Bc4 Be7 5.d3 d6 6.Nd2 Nf6 7.Nf1 Bg4 8.f3 Be6
9.Ne3 O-O 10.O-O Rb8 11.Kh1 Nd4 12.a4 a6 13.a5 Nc6 14.Ncd5 Bxd5 15.Nxd5 Nxd5
16.Bxd5 Nxa5 17.f4 exf4 18.Bxf4 Nc6 19.c3 Bf6 20.Qd2 Ne7 21.Bb3 Kh8 22.Be3 Ng8
23.d4 Qb6 24.Bd5 Rbc8 25.Rf3 Qc7 26.Raf1 cxd4 27.cxd4 b5 28.Qb4 Ne7 29.Ba2 Nc6
30.Qd2 Qa5 31.Qf2 Qd8 32.Bb1 Nb4 33.Rh3 Bg5 34.Qf5 Bh4 35.e5 g6 36.Qf4 Nd5
37.Qh6 Nxe3 38.Rxh4 Qxh4 39.Qxh4 Nxf1 40.Qf6+ Kg8 41.Qxf1 dxe5 42.dxe5 Rfe8
43.Ba2 Rc7 44.h4 Rxe5 45.Qf6 Ree7 46.Qxa6 Ra7 47.Qc8+ Kg7 48.Qc3+ f6 49.Bd5 Re5
50.Qc6 Ra4 51.Qxb5 Rxh4+ 52.Kg1 Rd4 53.Qb7+ Kh6 54.Bf3 Kg5 55.b4 Kf4 56.Be2 Ree4
57.Qc7+ Ke3 58.Bf3 Rxb4 59.Qc1+ Kd3 60.Qd1+ Ke3 61.Qc1+ Kd3 62.Qf1+ Kd2 63.Qf2+ Kd3
64.Bxe4+ Rxe4 65.Qf3+ Kd4 66.Qxf6+ Re5 67.Qg7 Ke4 68.Qxh7 Kf5 69.Qf7+ Kg5
70.g3 Rf5 71.Qg7 Rb5 72.Kg2 Rf5 73.Qh8 Rb5 74.Qh4+ Kf5 75.Qf4+ Ke6 76.Qe4+  1-0

[Event "34th Taminco Open"]
[Site "Ghent BEL"]
[Date "2011.07.19"]
[Round "6.11"]
[White "Larmuseau,Ma"]
[Black "Stuemer,P"]
[Result "1-0"]
[WhiteElo "2222"]
[BlackElo "2135"]

1.e4 c5 2.Nc3 Nc6 3.Bb5 Na5 4.Be2 a6 5.Nf3 e6 6.O-O b5 7.d4 cxd4 8.Qxd4 Nc6
9.Qd1 b4 10.Na4 Nf6 11.Bd3 d6 12.Be3 Rb8 13.Qe2 Qa5 14.b3 Be7 15.Bd2 Qc7
16.c3 O-O 17.Rac1 Qd7 18.Be3 Bd8 19.Rfd1 bxc3 20.Nxc3 Qb7 21.Bb1 Be7 22.Na4 e5
23.Nd2 Be6 24.Nc4 Rfd8 25.Ncb6 Ng4 26.Nd5 Nxe3 27.Qxe3 Bxd5 28.exd5 Nd4 29.Rc4 h6
30.Nc3 Bg5 31.Qd3 g6 32.Ne2 Nxe2+ 33.Qxe2 Rdc8 34.h4 Rxc4 35.Qxc4 Rc8 36.Qa4 Rc1
37.Rxc1  1-0

[Event "34th Taminco Open"]
[Site "Ghent BEL"]
[Date "2011.07.19"]
[Round "6.7"]
[White "Cordts,I"]
[Black "Tonoli,B"]
[Result "1-0"]
[WhiteElo "2306"]
[BlackElo "2161"]

1.e4 c5 2.Nc3 Nc6 3.Nf3 e5 4.Bc4 Be7 5.d3 d6 6.Nd2 Bg5 7.Nf1 Bxc1 8.Rxc1 Nf6
9.Ne3 O-O 10.O-O a6 11.a4 Nd4 12.f4 exf4 13.Rxf4 Ne6 14.Rf3 Nd7 15.Nf5 Ne5
16.Rg3 g6 17.Qd2 Kh8 18.Qh6 Nxc4 19.Rh3  1-0

[Event "34th Taminco Open"]
[Site "Ghent BEL"]
[Date "2011.07.19"]
[Round "7.4"]
[White "Ondersteijn,N"]
[Black "Van Riemsdijk,H"]
[Result "1/2-1/2"]
[WhiteElo "2296"]
[BlackElo "2403"]

1.e4 c5 2.Nc3 Nc6 3.Bb5 Nd4 4.Bc4 e6 5.Nge2 Ne7 6.Nxd4 cxd4 7.Ne2 Nc6 8.O-O g6
9.d3 Bg7 10.Bf4 Qb6 11.Bb3 O-O 12.Qd2 a5 13.a4 Nb4 14.Bh6 d6 15.Bxg7 Kxg7
16.f4 f5 17.Ng3 Bd7 18.Rae1 Rae8 19.exf5 exf5 20.Rxe8 Rxe8 21.Re1 Qd8 22.Qf2 Rxe1+
23.Qxe1 Qf6 24.Nf1 Kf8 25.Nd2 b5 26.axb5 Bxb5 27.Nf3 Bc6 28.Ng5 Qe7 29.Ne6+ Ke8
30.Kf1 Kd7 31.g3 a4 32.Bxa4 Bxa4 33.Qxb4 Bxc2 34.Nxd4 Bxd3+ 35.Kf2 Qe4 36.Qa4+ Kc7
37.Nb5+ Bxb5 38.Qxb5 Qd4+ 39.Ke2 Qe4+ 40.Kf2 Qd4+ 41.Ke2  1/2-1/2

[Event "III Corporation Cup A"]
[Site "Izhevsk RUS"]
[Date "2011.07.19"]
[Round "5"]
[White "Vasilevich,I"]
[Black "Tunik,G"]
[Result "1/2-1/2"]
[WhiteElo "2367"]
[BlackElo "2440"]

1.e4 c5 2.Nc3 Nc6 3.Bb5 Nd4 4.Bc4 e6 5.Nge2 Ne7 6.Nxd4 cxd4 7.Ne2 Nc6 8.d3 Bc5
9.O-O O-O 10.a3 a6 11.Ba2 Kh8 12.f4 f5 13.exf5 exf5 14.Kh1 d5 15.Ng1 Be6
16.Nf3 h6 17.b4 Ba7 18.Bb2 Qf6 19.Qd2 Rfe8 20.a4 b5 21.Bb3 Bb6 22.Rfe1 Bc7
23.Re2 Bd6 24.axb5 Bxb4 25.Qd1 axb5 26.Ne5 Bg8 27.Rxa8 Rxa8 28.Nxc6 Qxc6
29.Bxd4 Bc3 30.Bxc3 Qxc3 31.Re1 d4 32.Bxg8 Rxg8 33.h3 Rc8 34.Re5 Qxc2 35.Qxc2 Rxc2
36.Rxb5 Rc3 37.Rxf5 Rxd3 38.Kg1 Rd2 39.Rd5 Kh7 40.f5 h5 41.Rd6 d3 42.Rd8 Kh6
43.h4 Kh7 44.g3 Re2 45.Rxd3 Re5 46.Rf3 Kg8 47.Kg2 Kf7 48.Kh3 Kf6 49.g4 hxg4+
50.Kxg4 g6  1/2-1/2

[Event "Landon Brownell Memorial"]
[Site "Los Angeles USA"]
[Date "2011.07.21"]
[Round "2"]
[White "Sevian,Samuel"]
[Black "Banawa,Joe"]
[Result "0-1"]
[WhiteElo "2172"]
[BlackElo "2374"]

1.e4 c5 2.Nf3 Nc6 3.Nc3 g6 4.Bc4 Bg7 5.O-O d6 6.Re1 Nf6 7.d4 cxd4 8.Nxd4 O-O
9.Bg5 Ng4 10.Nb3 h6 11.Bh4 a6 12.a4 Bd7 13.Bf1 Rc8 14.h3 Nf6 15.Qd2 Be6 16.Nd5 g5
17.Bg3 Nh5 18.Bh2 Bxb2 19.Rad1 Bg7 20.Qe2 Nf6 21.Nxf6+ Bxf6 22.e5 Nxe5 23.Qh5 Qb6
24.Bxe5 dxe5 25.Qxh6 Rxc2 26.Nd2 Bf5 27.Rxe5 Bg6 28.Bd3 Rxd2 29.Rxd2 Bxe5
30.Qxg5 Qf6 31.Qg4 Bf4 32.Rd1 Bd6 33.Rb1 Bc5 34.Bxg6 Bxf2+ 35.Kh1 Qxg6 36.Qb4 b6
37.Rf1 Be3 38.Qxe7 Bg5 39.Qe2 a5 40.Rd1 Rc8 41.Re1 Bf4 42.Rf1 Qg3 43.Kg1 Qe3+
44.Qxe3 Bxe3+ 45.Kh2 Rc4 46.Ra1 Rc3 47.g4  0-1

[Event "4th Paleohora Open"]
[Site "Paleochora GRE"]
[Date "2011.07.21"]
[Round "3"]
[White "Player,E"]
[Black "Kohlweyer,B"]
[Result "1/2-1/2"]
[WhiteElo "2214"]
[BlackElo "2494"]

1.e4 c5 2.Nc3 Nc6 3.Bb5 Nd4 4.Bc4 a6 5.a4 e6 6.Nge2 Nf6 7.O-O Qc7 8.d3 Be7
9.f4 d6 10.Ba2 Bd7 11.Kh1 Nc6 12.Ng1 Nb4 13.Bb1 d5 14.Nf3 O-O-O 15.Ne5 Be8
16.exd5 exd5 17.Qf3 h5 18.Ne2 d4 19.c3 dxc3 20.bxc3 Nc6 21.d4 Kb8 22.Be3 h4
23.h3 Na5 24.dxc5 Bxc5 25.Ba2 Bxe3 26.Qxe3 Nh5 27.Bb1 Bc6 28.Nxc6+ Nxc6 29.Qf3 Rd2
30.Ra2 Rxe2 31.Rxe2 Ng3+ 32.Kh2 Nxf1+ 33.Qxf1 g5 34.Be4 gxf4 35.Kh1 Na5 36.Bd5 Rg8
37.Re4 Rg3 38.Qxf4 Rxc3 39.Qxc7+ Kxc7 40.Rxh4 Kd6 41.Bxf7 Nc6 42.Rf4 Ke5
43.Rc4 Rxc4 44.Bxc4 Nd4 45.Kg1 b5 46.axb5 axb5 47.Bd3 b4 48.Kf2 b3 49.Ke3 b2
50.Kd2 Kf4 51.Kc3 Ne6 52.Kxb2 Kg3 53.Kc3 Kxg2 54.h4 Nf4  1/2-1/2

[Event "4th d'Ille-et-Vilain Open"]
[Site "Rennes FRA"]
[Date "2011.07.21"]
[Round "8.7"]
[White "Jegourel,C"]
[Black "Barbot,Pi1"]
[Result "0-1"]
[WhiteElo "2048"]
[BlackElo "2232"]

1.e4 c5 2.Nc3 Nc6 3.Nge2 d6 4.d4 cxd4 5.Nxd4 Nf6 6.g3 g6 7.Bg2 Nxd4 8.Qxd4 Bg7
9.Qd3 O-O 10.O-O Be6 11.Be3 Rc8 12.Nd5 Bxd5 13.exd5 Nd7 14.Bh3 Ne5 15.Qe2 Rc7
16.Rac1 Nc4 17.b3 Nxe3 18.Qxe3 Bb2 19.Rb1 Rxc2 20.Qxa7 Qc7 21.Qe3 Ra8 22.a4 Ra5
23.Rfd1 Rac5 24.b4 R5c4 25.b5 Rxa4 26.b6 Qc4 27.Bf1 Qa2 28.Qxe7 Bd4 29.Rxd4 Rxd4
30.Qe8+ Kg7 31.Re1 Rxf2 32.Qe3 Rfd2 33.Re2 Qxd5 34.Bg2 Rxe2 35.Qxe2 Rd1+
36.Kf2 Qd4+  0-1

[Event "Najdorf Memorial"]
[Site "Warsaw POL"]
[Date "2011.07.21"]
[Round "7"]
[White "Baghdasaryan,V"]
[Black "Zozulia,A"]
[Result "1-0"]
[WhiteElo "2289"]
[BlackElo "2381"]

1.e4 c5 2.Ne2 Nc6 3.Nbc3 e5 4.Nd5 d6 5.Nec3 Be6 6.Bc4 Be7 7.d3 Nf6 8.O-O O-O
9.a3 a6 10.Ne2 b5 11.Ba2 Rc8 12.f4 Bg4 13.c3 exf4 14.Bxf4 Nxd5 15.Bxd5 Bg5
16.Qd2 Bxf4 17.Nxf4 Ne5 18.Rf2 Qg5 19.Raf1 h6 20.d4 cxd4 21.cxd4 Nc4 22.Qd3 Kh7
23.h4 Qd8 24.e5+ Kg8 25.Ng6 dxe5 26.Rxf7  1-0

[Event "XXIX Andorra Open"]
[Site "Arinsal AND"]
[Date "2011.07.22"]
[Round "7.14"]
[White "Jerez Perez,A"]
[Black "Karasik,E"]
[Result "0-1"]
[WhiteElo "2416"]
[BlackElo "2249"]

1.e4 c5 2.Nc3 Nc6 3.Bb5 Nd4 4.Bc4 g6 5.Nf3 Bg7 6.Nxd4 cxd4 7.Qf3 Nh6 8.Ne2 O-O
9.d3 d6 10.Qg3 Ng4 11.Bb3 Nf6 12.h4 Nh5 13.Qf3 Qd7 14.Ng3 Nxg3 15.Qxg3 Qg4
16.Qxg4 Bxg4 17.f3 Be6 18.Bxe6 fxe6 19.Bd2 Rac8 20.O-O-O Rc5 21.Kb1 Rfc8
22.Rc1 h6 23.f4 Rf8 24.g4 Kh7 25.Rhf1 a5 26.Rf2 b6 27.Rcf1 Rfc8 28.Bc1 Rf8
29.b3 Rf7 30.Ba3 Rc8 31.Kc1 Rcf8 32.Kd2 Be5 33.f5 gxf5 34.gxf5 Bg3 35.Rg2 Rg7
36.Ke2 exf5 37.exf5 Bxh4 38.Rh2 Bg5 39.Bb2 Be3 40.c3 Rc8 41.c4 Rcg8 42.Kf3 Rg4
43.f6 Rf4+ 44.Ke2 Rxf1 45.Kxf1 Rf8 46.Ke2 Rxf6 47.a3 Rg6 48.Kf3 Rf6+ 49.Ke2 Rf5
50.b4 axb4 51.axb4 h5 52.Ba3 Kh6 53.Ke1 Rg5 54.c5 dxc5 55.bxc5 Rg1+ 56.Ke2 Ra1
57.Bb2 Rb1 58.Kf3 bxc5 59.Ke4 Rf1 60.Ba3 Rf4+ 61.Kd5 Rf5+ 62.Ke4 Rf2 63.Rh3 Rc2
64.Kd5 Kg5 65.Bxc5 e6+ 66.Kc6 h4 67.Kb5 Rc1 68.Rh2 e5  0-1

[Event "III Corporation Cup A"]
[Site "Izhevsk RUS"]
[Date "2011.07.22"]
[Round "7"]
[White "Dzhangobegov,V"]
[Black "Potapov,P"]
[Result "1/2-1/2"]
[WhiteElo "2268"]
[BlackElo "2488"]

1.e4 c5 2.Nf3 Nc6 3.Nc3 e5 4.Bc4 Be7 5.d3 d6 6.O-O Nf6 7.Ng5 O-O 8.f4 Bg4
9.Qe1 exf4 10.Bxf4 Nd4 11.Qd2 Qd7 12.Be3 Be6 13.Nxe6 fxe6 14.Bxd4 cxd4 15.Ne2 Kh8
16.Nf4 d5 17.exd5 exd5 18.Bb3 Bc5 19.Qe1 Rae8 20.Qh4 Qg4 21.Qxg4 Nxg4 22.Nxd5 Rxf1+
23.Rxf1 Re2 24.Nf4 Rd2 25.Ne6 Be7 26.Nxd4 Bc5 27.c3 g6 28.h3 Ne5 29.Rf2 Rxd3
30.Kf1 Bxd4 31.cxd4 Rxd4 32.Ke2 Kg7 33.Ke3 Rd7 34.Ke4 Nc6 35.a3 Rd4+ 36.Ke3 Rd7
37.Ke4 Rd4+ 38.Ke3 Rd7 39.Ke4 Rd4+ 40.Ke3 Rd7  1/2-1/2

[Event "Czech GM Open A"]
[Site "Pardubice CZE"]
[Date "2011.07.22"]
[Round "1.96"]
[White "Pekar,V"]
[Black "Kulhanek,T"]
[Result "0-1"]
[WhiteElo "2155"]
[BlackElo "2375"]

1.Nc3 c5 2.Nf3 Nc6 3.e4 g6 4.d4 cxd4 5.Nxd4 Bg7 6.Nb3 Nf6 7.Be2 d6 8.Be3 O-O
9.g4 Be6 10.g5 Nd7 11.h4 Nb6 12.Bxb6 Qxb6 13.Nd5 Bxd5 14.exd5 Nd4 15.c3 Nxe2
16.Qxe2 a5 17.Rd1 a4 18.Nd4 Ra5 19.Qxe7 Rxd5 20.Kf1 Qxb2 21.Rh3 Qxa2 22.Qxb7 Qc4+
23.Kg2 Bxd4 24.Rxd4 Rxd4 25.cxd4 Qxd4 26.Qe7 Qd5+ 27.Rf3 Qe6 28.Qa7 Qg4+
29.Rg3 Qxh4 30.Qe3 d5 31.f3 Rc8 32.Rh3 Qc4 33.Kg3 d4 34.Qe1 Qc1  0-1

[Event "Open NK"]
[Site "Dieren NED"]
[Date "2011.07.23"]
[Round "5"]
[White "Radulski, Julian"]
[Black "Van der Poel, Henk"]
[Result "1-0"]
[WhiteElo "2556"]
[BlackElo "2292"]

1.e4 c5 2.Nc3 Nc6 3.Bb5 Nd4 4.Bc4 e6 5.Nge2 a6 6.d3 b5 7.Bb3 Nxb3 8.axb3 Bb7
9.O-O d6 10.f4 Nf6 11.f5 Be7 12.Bg5 Qd7 13.Ng3 h5 14.Qf3 O-O-O 15.Bh4 Ng4
16.Bxe7 Qxe7 17.h3 Ne5 18.Qf2 Qg5 19.Nge2 Rh6 20.d4 cxd4 21.Qxd4 Rf6 22.Qb6 Nd7
23.Qf2 Nc5 24.Nd4 b4 25.e5 dxe5 26.Nf3 Qxf5 27.Qxc5+ Kb8 28.Nxe5 Qxc2 29.Nc6+ Bxc6
30.Qb6+  1-0

[Event "ch-AUT"]
[Site "Linz AUT"]
[Date "2011.07.23"]
[Round "1"]
[White "Weinzettl,E"]
[Black "Holzmann,H"]
[Result "1/2-1/2"]
[WhiteElo "2335"]
[BlackElo "2127"]

1.e4 c5 2.Nf3 Nc6 3.Nc3 e6 4.Bb5 Nge7 5.O-O a6 6.Bxc6 Nxc6 7.d4 cxd4 8.Nxd4 Be7
9.Nxc6 bxc6 10.Qg4 O-O 11.Qg3 f6 12.Be3 d5 13.Rfd1 Bd6 14.f4 Qc7 15.Qf3 Bb7
16.Qf2 Rae8 17.Bb6 Qb8 18.Ba7 Qc7 19.Bb6 Qb8 20.Ba7 Qc7 21.Bb6  1/2-1/2

[Event "Landon Brownell Memorial"]
[Site "Los Angeles USA"]
[Date "2011.07.23"]
[Round "6"]
[White "Sevian,Samuel"]
[Black "Amanov,Z"]
[Result "0-1"]
[WhiteElo "2172"]
[BlackElo "2382"]

1.e4 c5 2.Nf3 Nc6 3.Nc3 g6 4.Bc4 Bg7 5.O-O d6 6.Re1 Nf6 7.d4 cxd4 8.Nxd4 O-O
9.Bg5 h6 10.Bh4 Nd7 11.Nb3 Nb6 12.Bf1 a5 13.a4 Be6 14.f4 Bc4 15.Nd2 Bxf1
16.Rxf1 Rc8 17.Bf2 Nb4 18.Ra3 d5 19.e5 d4 20.Ne2 Nxc2 21.Rb3 Nxa4 22.Nf3 Nc5
23.Rb5 Qd7 24.Nexd4 Nxd4 25.Nxd4 Ne6 26.Nxe6 Qxb5 27.Nxf8 Bxf8 28.Qd2 e6
29.Rd1 Qb3 30.Rc1 Rxc1+ 31.Qxc1 a4 32.h4 b5 33.Kh2 Qc4 34.Qxc4 bxc4 35.Be1 Bc5
36.Bc3 h5 37.Kg3 Kf8 38.Kf3 Ke7 39.g4 hxg4+ 40.Kxg4 Kd7 41.Kg5 Be7+ 42.Kh6 Bxh4
43.Kg7 Ke8 44.Kh6 Bf2 45.Kg5 Be3 46.Kg4 Kd7 47.Kg5 Kc6 48.Kf6 Bxf4 49.Kxf7 Kd5  0-1

[Event "COQ Invitational"]
[Site "Montreal CAN"]
[Date "2011.07.24"]
[Round "3"]
[White "Cornette,M"]
[Black "Caire,Francois"]
[Result "1-0"]
[WhiteElo "2568"]
[BlackElo "2150"]

1.e4 c5 2.Nc3 Nc6 3.Nf3 g6 4.Bb5 Bg7 5.O-O e5 6.a3 Nge7 7.b4 b6 8.d3 O-O
9.bxc5 bxc5 10.Bg5 h6 11.Bxc6 dxc6 12.Be3 c4 13.dxc4 Qa5 14.Qd2 Kh7 15.Na2 Qc7
16.Rfd1 Be6 17.Bc5 Bxc4 18.Bd6 Qb7 19.Nc3 Rfd8 20.Qe3 Nd5 21.exd5 Rxd6 22.Qc5 Rad8
23.Qxc4 cxd5 24.Qb4 Qc6 25.Re1 a5 26.Qxa5 e4 27.Nb5 Bxa1 28.Nxd6 Rxd6 29.Rxa1 exf3
30.Qd2 fxg2 31.a4 d4 32.a5 Qa8 33.Qf4 Rd7 34.a6 Ra7 35.Qf6 Qc8 36.Qb6 Qa8
37.h3 Kg8 38.Kh2 Kh7 39.Kg1 Kg8 40.Qd6 Qf3 41.Qb8+ Kg7 42.Qxa7 Qc3 43.Rd1 Qxh3
44.Qxd4+ Kh7 45.f3  1-0

[Event "II Grafica Yael GM"]
[Site "Torre Blanca ARG"]
[Date "2011.07.24"]
[Round "2"]
[White "Tristan,L"]
[Black "Valdes Escobar,A"]
[Result "1/2-1/2"]
[WhiteElo "2450"]
[BlackElo "2414"]

1.e4 c5 2.Nc3 Nc6 3.Bb5 Nd4 4.Bc4 e6 5.Nge2 Nf6 6.O-O a6 7.a4 d5 8.exd5 exd5
9.Ba2 Nxe2+ 10.Qxe2+ Be7 11.d3 Be6 12.Bg5 O-O 13.Rae1 h6 14.Bh4 Re8 15.f4 d4
16.Bxe6 dxc3 17.Bc4 cxb2 18.c3 Nd5 19.Bf2 b5 20.axb5 axb5 21.Bxb5 Nxc3 22.Qxb2 Nxb5  1/2-1/2

[Event "11th Condino Open"]
[Site "Condino ITA"]
[Date "2011.07.25"]
[Round "1"]
[White "Galas,F"]
[Black "Medancic,R"]
[Result "0-1"]
[WhiteElo "1758"]
[BlackElo "2275"]

1.e4 c5 2.Nc3 Nc6 3.Nf3 Nf6 4.Bc4 e6 5.a3 Nxe4 6.Nxe4 d5 7.Bb5 dxe4 8.Ne5 Qd5
9.Nxc6 bxc6 10.Be2 Be7 11.O-O O-O 12.c4 Qd6 13.Qc2 f5 14.b3 Bf6 15.Rb1 Bd4
16.d3 exd3 17.Bxd3 e5 18.Be3 e4 19.Be2 f4 20.Bxd4 cxd4 21.c5 Qe5 22.Bc4+ Kh8
23.Qd1 f3 24.g3 Bg4 25.Re1 e3 26.b4 Rad8 27.Rb3 Be6 28.Bxe6 Qxe6 29.Rd3 Qh3  0-1

[Event "Czech GM Open A"]
[Site "Pardubice CZE"]
[Date "2011.07.25"]
[Round "4.87"]
[White "Llaneza Vega,M"]
[Black "Zwardon,V"]
[Result "1-0"]
[WhiteElo "2465"]
[BlackElo "2231"]

1.e4 c5 2.Nf3 Nc6 3.Nc3 g6 4.Bb5 Bg7 5.O-O e5 6.d3 Nge7 7.Bg5 h6 8.Be3 Nd4
9.a4 O-O 10.Nd2 d5 11.Nxd5 Nxd5 12.exd5 Nxb5 13.axb5 Qxd5 14.b6 Be6 15.bxa7 b6
16.Ra6 Qb7 17.Qa1 Bc8 18.Ra3 f5 19.f4 Be6 20.fxe5 Bxe5 21.Bxh6 Bxh2+ 22.Kxh2 Qh7
23.Qe1 Qxh6+ 24.Kg1 Rfe8 25.Rf2 Bd5 26.Re2 Rxe2 27.Qxe2 Qg7 28.c4 Qxb2 29.Ra6 Qd4+
30.Qf2 Qxf2+ 31.Kxf2 Bb7 32.Rxb6 Rxa7 33.Rxg6+ Kf7 34.Rh6 Ra2 35.Ke3 f4+
36.Kxf4 Rxd2 37.Rh7+ Ke6 38.Rxb7 Rxd3 39.Rb6+ Ke7 40.Kf5 Rd2 41.g3 Rd3 42.g4 Rf3+
43.Ke4 Rg3 44.Rg6 Kf7 45.Rg5 Kf6 46.Kf4 Rg1 47.Rf5+  1-0

[Event "Czech GM Open A"]
[Site "Pardubice CZE"]
[Date "2011.07.25"]
[Round "4.90"]
[White "Schulz,Je"]
[Black "Aliavdin,N"]
[Result "0-1"]
[WhiteElo "2218"]
[BlackElo "2392"]

1.e4 c5 2.Nc3 Nc6 3.Bb5 Nd4 4.Bc4 g6 5.Nge2 Bg7 6.Nxd4 cxd4 7.Qf3 Nh6 8.d3 O-O
9.Ne2 Ng4 10.Qg3 d6 11.h4 h5 12.f3 Ne5 13.Bb3 e6 14.O-O a5 15.a4 Qb6 16.Ra3 Bd7
17.Bg5 Qc5 18.Kh1 b5 19.axb5 Bxb5 20.Nf4 a4 21.Ba2 Qxc2 22.Be7 Rfe8 23.Bxd6 Qc6
24.Bb4 Rac8 25.Qg5 Kh7 26.Be7 Nd7 27.Bb4 Bh6 28.Qg3 Qc7 29.Bd2 Qc2 30.Rf2 Qxb2
31.Bxe6 Rxe6 32.Nxe6 Bxd2 33.Qd6 fxe6 34.g4 Qb4 35.Qxe6 Qxa3 36.Qf7+ Kh8
37.Qxg6 Qc5 38.f4 Bxf4 39.g5 Qc6 40.Qxh5+ Kg8 41.Rxf4 Qc1+ 42.Kg2 Qxf4 43.Qg6+ Kf8
44.Qh6+ Ke7 45.Qg7+ Kd8  0-1

[Event "Czech GM Open A"]
[Site "Pardubice CZE"]
[Date "2011.07.26"]
[Round "5.91"]
[White "Kersten,U"]
[Black "Miskulin,D"]
[Result "1-0"]
[WhiteElo "2314"]
[BlackElo "2208"]

1.e4 c5 2.Nc3 Nc6 3.Bb5 Nd4 4.Bc4 g6 5.Nge2 Bg7 6.Nxd4 cxd4 7.Qf3 e6 8.Nb5 d6
9.Qa3 Ke7 10.c3 dxc3 11.dxc3 a6 12.Bb3 Qb6 13.Bf4 Qxb5 14.Bxd6+ Kf6 15.e5+ Kg5
16.c4 Qc6 17.Bc2 Qxg2 18.O-O-O Bh6 19.Kb1  1-0

[Event "Czech GM Open A"]
[Site "Pardubice CZE"]
[Date "2011.07.26"]
[Round "5.77"]
[White "Ten Vergert,P"]
[Black "Nun,Ji"]
[Result "0-1"]
[WhiteElo "2194"]
[BlackElo "2360"]

1.e4 c5 2.Nf3 Nc6 3.Nc3 Nf6 4.d4 cxd4 5.Nxd4 e5 6.Ndb5 d6 7.Bg5 a6 8.Na3 b5
9.Nd5 Be7 10.Bxf6 Bxf6 11.c4 O-O 12.g3 Nd4 13.Bg2 Be6 14.O-O Bxd5 15.cxd5 Rc8
16.Qd3 Qa5 17.Rfc1 Qb4 18.Nc2 Qxb2 19.Rab1 Qxa2 20.Nxd4 exd4 21.Ra1 Qb2 22.Rcb1 Qc3
23.Qd1 d3 24.Rxa6 Qd4 25.Rc6 Ra8 26.Qd2 Ra3 27.Bf3 h6 28.Rxb5 Rfa8 29.Rb1 Ra2
30.Qe1 Bg5 31.Rb4  0-1

[Event "19th St Affrique Open"]
[Site "Saint Affrique FRA"]
[Date "2011.07.26"]
[Round "5"]
[White "Savalle,Al"]
[Black "Mania,C"]
[Result "0-1"]
[WhiteElo "1805"]
[BlackElo "2130"]

1.e4 c5 2.Nc3 Nc6 3.Bb5 g6 4.Bxc6 bxc6 5.d3 Bg7 6.f4 d6 7.Nf3 Nh6 8.O-O O-O
9.h3 f5 10.Re1 Nf7 11.exf5 gxf5 12.d4 cxd4 13.Nxd4 e5 14.fxe5 dxe5 15.Nb3 Qh4
16.Be3 Kh8 17.Qf3 f4 18.Bf2 Qh6 19.Ne4 Bf5 20.Nbc5 Rg8 21.Kh1 Bf8 22.Qc3 Re8
23.Rad1 Bg4 24.Rd3 Rg6 25.Kg1 Bf5 26.Rf3 Ng5 27.Nxg5 Qxg5 28.g4 Bxg4 29.hxg4 Bxc5
30.Qxc5 Qxg4+ 31.Rg3 fxg3 32.Bd4 Rge6 33.Rxe5 Rxe5 34.Bxe5+ Kg8 35.Qd6 Qe6
36.Qxe6+ Rxe6 37.Bxg3 Re2  0-1

[Event "Open NK"]
[Site "Dieren NED"]
[Date "2011.07.27"]
[Round "8"]
[White "Ikeda,J"]
[Black "Brown,An"]
[Result "0-1"]
[WhiteElo "2349"]
[BlackElo "2202"]

1.e4 c5 2.Nf3 Nc6 3.Nc3 e5 4.Bc4 g6 5.d3 h6 6.O-O Bg7 7.a3 d6 8.b4 Nge7 9.Be3 Nd4
10.Nd2 O-O 11.Nd5 b5 12.Ba2 Bb7 13.c3 Bxd5 14.exd5 Ndf5 15.bxc5 Nxe3 16.fxe3 dxc5
17.Qf3 Kh8 18.Ne4 Rc8 19.Ng3 f5 20.e4 f4 21.Nh1 c4 22.dxc4 bxc4 23.Nf2 Rc5
24.Rfd1 Nc8 25.d6 Nxd6 26.Qg4 Qf6 27.Qd7 Nb5 28.Rac1 f3 29.g3 Qa6 30.Qe7 Rc7
31.Qb4 Qxa3 32.Qxa3 Nxa3 33.Rd5 Rb8 34.Nd1 h5 35.Ra5 Bh6 36.Ra1 Nc2 37.Rb1 Rxb1
38.Bxb1 Ne3  0-1

[Event "ch-AUT"]
[Site "Linz AUT"]
[Date "2011.07.27"]
[Round "5"]
[White "Hiermann,D"]
[Black "Holzmann,H"]
[Result "1-0"]
[WhiteElo "2245"]
[BlackElo "2127"]

1.e4 c5 2.Nc3 Nc6 3.Nf3 a6 4.d4 cxd4 5.Nxd4 e6 6.Be2 Qc7 7.O-O Nf6 8.Be3 Bb4
9.Na4 Be7 10.Nxc6 bxc6 11.Nb6 Rb8 12.Nxc8 Qxc8 13.Bd4 O-O 14.e5 Nd5 15.c4 Nf4
16.Bf3 c5 17.Bc3 f6 18.Be4 f5 19.Bf3 g5 20.Qd2 Rf7 21.Rfe1 Rg7 22.Rad1 Bf8
23.Kf1 Qe8 24.g3 Nh3 25.Re3 g4 26.Bg2 Ng5 27.Qe2 Qc8 28.Red3 Rb7 29.b3 Qc7
30.Ba5 Qb8 31.Bd2 Nh3 32.Bh6 Rf7 33.Bxf8 Kxf8 34.Rd6 Ra7 35.R1d2 Ng5 36.Qe3 Nf3
37.Bxf3 gxf3 38.Qxc5 Kg8 39.Qe3 a5 40.Qxf3 a4 41.c5 axb3 42.axb3 Qb5+ 43.Kg2 Qxc5
44.Qf4 Qc7 45.b4 Rg7 46.Qd4 Rb7 47.Ra2 h6 48.Qc5 Qd8 49.b5 Kh7 50.b6 Qe8
51.Ra4 Qb8 52.f3 Rg8 53.Rad4 Rd8 54.Qb5 Kg6 55.g4 h5 56.Qb1 hxg4 57.fxg4 Rf8
58.h4 Qa8 59.Kh2 Rf7 60.Qc2 Kg7 61.gxf5 exf5 62.Qg2+ Kf8 63.Rg6 d5 64.Rg8+  1-0

[Event "Czech GM Open A"]
[Site "Pardubice CZE"]
[Date "2011.07.27"]
[Round "6.103"]
[White "Roehrich,S"]
[Black "Gafner,E"]
[Result "0-1"]
[WhiteElo "2134"]
[BlackElo "2287"]

1.e4 c5 2.Nf3 Nc6 3.Nc3 g6 4.d4 cxd4 5.Nxd4 Bg7 6.Be3 Nf6 7.Bc4 Qa5 8.Qd2 Nxe4
9.Nxc6 Qxc3 10.Qxc3 Bxc3+ 11.bxc3 dxc6 12.f3 Nd6 13.Bd3 Bf5 14.Rb1 O-O-O
15.Bxf5+ gxf5 16.Bxa7 Nb5 17.Bd4 Nxd4 18.cxd4 Rxd4 19.Rd1 Rhd8 20.Rxd4 Rxd4
21.Ke2 b5 22.Ke3 e5 23.h3 Kd7 24.Re1 f4+ 25.Ke2 Ke6 26.Rb1 Ra4 27.Rb2 f5
28.Kd3 e4+ 29.fxe4 fxe4+ 30.Ke2 Ra3 31.Kf2 h5 32.Ke2 h4 33.Kf2 Kd5 34.Ke2 Kc4  0-1

[Event "19th St Affrique Open"]
[Site "Saint Affrique FRA"]
[Date "2011.07.27"]
[Round "6.2"]
[White "Iwanesko,A"]
[Black "Degraeve,JM"]
[Result "0-1"]
[WhiteElo "2217"]
[BlackElo "2574"]

1.e4 c5 2.Nf3 Nc6 3.Nc3 g6 4.d4 cxd4 5.Nxd4 Bg7 6.Nde2 Nf6 7.g3 b5 8.Bg2 Rb8
9.O-O d6 10.h3 b4 11.Nd5 Nd7 12.c3 bxc3 13.Nexc3 O-O 14.f4 a5 15.Kh1 Nb4
16.f5 e6 17.Ne3 Ne5 18.Ng4 Nxg4 19.hxg4 Ba6 20.Rf3 Re8 21.a3 Nc6 22.Rf2 Ne5
23.f6 Bxf6 24.Rxf6 Qxf6 25.Qxd6 Bf1  0-1

[Event "98th ch-GBR"]
[Site "Sheffield ENG"]
[Date "2011.07.27"]
[Round "3.23"]
[White "Adair,J"]
[Black "Dargan,P"]
[Result "1-0"]
[WhiteElo "2212"]
[BlackElo "2151"]

1.e4 c5 2.Nc3 Nc6 3.Bb5 Nd4 4.Bc4 e6 5.Nge2 Nf6 6.O-O a6 7.d3 b5 8.Bb3 Nxb3
9.axb3 Bb7 10.f4 d5 11.e5 d4 12.exf6 dxc3 13.f5 cxb2 14.Bxb2 e5 15.fxg7 Bxg7
16.Ng3 Qh4 17.f6 Bxf6 18.Nf5  1-0

[Event "TCh-POR 1st Div"]
[Site "Torres Vedras POR"]
[Date "2011.07.28"]
[Round "6.7"]
[White "Ulyanovskyy,Vi"]
[Black "Marques,R"]
[Result "1-0"]
[WhiteElo "2307"]
[BlackElo "2135"]

1.e4 c5 2.Nc3 Nc6 3.Bb5 Nd4 4.Bc4 e6 5.Nge2 g6 6.Nxd4 cxd4 7.Ne2 Bg7 8.O-O Ne7
9.c3 dxc3 10.dxc3 O-O 11.Bg5 d5 12.exd5 exd5 13.Bb3 h6 14.Be3 Nf5 15.Bc5 Re8
16.Bxd5 Qc7 17.Ba3 Be6 18.Bxe6 Rxe6 19.Ng3 Nxg3 20.hxg3 Rae8 21.Qa4 a6 22.Rad1 b5
23.Qg4 h5 24.Qf3 a5 25.Qd5 Qb8 26.Bd6 Qb6 27.Bc5 Qa6 28.Be3 b4 29.cxb4 axb4
30.Qb3 Ra8 31.Qxb4 Qxa2 32.Qb7 Ree8 33.b4 Rab8 34.Qd7 Qc4 35.Bc5 Bf6 36.Rc1 Qe4
37.Rfd1 Red8 38.Qc7 h4 39.Qf4 Qc6 40.gxh4 Kg7 41.g3 Be7 42.Qe4 Qf6 43.Rb1 Ra8
44.Kg2 Re8 45.Qf3 Qe6 46.Re1 Qa2 47.Qb3  1-0

[Event "Biel MTO Open"]
[Site "Biel SUI"]
[Date "2011.07.29"]
[Round "11"]
[White "Klauser,M"]
[Black "Meins,G"]
[Result "1/2-1/2"]
[WhiteElo "2386"]
[BlackElo "2505"]

1.e4 c5 2.Nf3 Nc6 3.Nc3 d6 4.d4 cxd4 5.Nxd4 Nf6 6.Bg5 e6 7.Qd2 a6 8.O-O-O Bd7
9.f3 b5 10.Nxc6 Bxc6 11.Ne2 h6 12.Be3 Qc7 13.Nd4 Bb7 14.Bd3 e5 15.Nf5 d5
16.exd5 Nxd5 17.Be4 O-O-O 18.Qf2 Qc4 19.Bxd5 Bxd5 20.b3 Qc6 21.Rd3 g6 22.Rhd1 Ba3+
23.Kb1 Be6 24.Rxd8+ Rxd8 25.Rxd8+ Kxd8 26.Qd2+ Kc8 27.Ng3 g5 28.Qd3 Qd7 29.Ne4 Qxd3
30.cxd3 Kc7 31.Bc5 Bxc5 32.Nxc5 Bc8 33.b4 Kc6 34.Kc2 f5 35.Kd2 Kd5 36.Ke3 a5
37.a3 axb4 38.axb4 h5 39.h3 f4+ 40.Kd2 Bf5 41.Kc3 g4 42.hxg4 hxg4 43.fxg4 Bxg4
44.Kd2 Bf5 45.Ke2 Bg6 46.Kd2 Bf5 47.Ke2 Kd4 48.Kd2 e4 49.Nxe4 Bxe4 50.dxe4 Kxe4
51.Ke2 Ke5 52.Kf3 Kf5 53.Ke2 Kg4 54.Kf2 Kg5 55.Kf3 Kf5 56.Ke2 Ke4 57.Kf2 Ke5  1/2-1/2